| 000 | 00532nam a2200217Ia 4500 | ||
|---|---|---|---|
| 008 | 180523s9999 xx 000 0 und d | ||
| 020 | _a0-07-118856-8 | ||
| 050 | _aMAIN QC 21.2 | ||
| 050 | _b.J66 2001 | ||
| 100 | _aJones, Edwin | ||
| 245 | 0 | _aContemporary college physics / | |
| 245 | 0 | _cEdwin Jones, Richard Childers. | |
| 250 | _a3rd Edition | ||
| 260 | _aBoston : | ||
| 260 | _bMcGraw-Hill, | ||
| 260 | _c2001 | ||
| 300 | _a1025 pages : | ||
| 300 | _c24 cm. | ||
| 500 | _aIncludes index. | ||
| 650 | _aPhysics. | ||
| 999 |
_c357499 _d357499 |
||